Wreck-It Ralph Characters - Statistics

General Stats
  • This quiz has been taken 436 times
  • The average score is 5 of 10
Answer Stats
Hint Answer % Correct
You don't need a hint for this person... Wreck-It Ralph
98%
The hero of a game and has a magic golden hammer that fixes things Fix-It Felix
91%
A glitch in the game Sugar Rush but wants to be able to race. Vanellope von Schweetz
83%
The king of Sugar Rush. King Candy
82%
A racer in Sugar Rush and the main person who bullies the glitch. Taffyta Muttonfudge
46%
Owner of the arcade. Mr. Litwak
39%
The lead character for the game Hero's Duty. Sergeant Calhoun
39%
A Nicelander who makes a cake for the 30th anniversary of the game. Mary
28%
The soldier from Hero's Duty whom the main character takes the uniform from. Markowski
21%
The General at the end of Hero's Duty who gives a medal to whoever wins the game. General Hologram
14%
No matching quizzes found
Score Distribution
Percent of People with Each Score
Percentile by Number Answered
Your Score History
You have not taken this quiz